000 00490nam a2200193Ia 4500
005 20240507110411.0
008 131103s9999 xx 000 0 und d
020 _a0-7069-5781-4
_cRs.16.00
040 _aLoreto College
041 _aEnglish
082 _a428
_bBAU
100 _aBaum, L.Frank
245 4 _aThe wizard of oz
_cL.Frank Baum
260 _aNew Delhi
_bMadhuban educational books
_c1992
300 _a119p
650 _aEnglish language
850 _aLCBED
942 _cBK
999 _c30211
_d80690